000 00841nam a2200205 a 4500
001 000892227
003 AM-YeHGA
005 20250617164809.0
008 120518s1962 ru r 000 0 rus d
040 _aAM-YeHGA
041 0 _arus
100 1 _aРаспопов, П.М.
245 1 0 _aВредные насекомые лесных питомников и культур Челябинской области /
_cП.М. Распопов, Ю.А. Малоземов; АН СССР, Урал. филиал, Ин-т биологии.
260 _aСвердловск :
_bБ. и.,
_c1962.
300 _a82 с. :
_bтабл., рис. ;
_c21 см.
650 1 4 _aТипы лесов
700 1 _aМалоземов, Ю.А.
710 2 _aИнститут биологии АН СССР.
_bУральский филиал
090 _c568140
999 _c529658
_d529658